| 000 | 00758nam a22001577a 4500 | ||
|---|---|---|---|
| 003 | OSt | ||
| 005 | 20151003164452.0 | ||
| 008 | 151003b xxu||||| |||| 00| 0 eng d | ||
| 040 | _cRUA | ||
| 082 | _aAVM LEN 1998 B071 Or.1 | ||
| 100 |
_91947 _aLENG. BUNHONG. |
||
| 245 | _aThe roles of village veterinary volunteer in integrated community development programme in chumkiri district kompot province, តួនាទីរបស់ពេទ្យស្ម័គ្រចិត្តភូមិក្នុងកម្មវិធីអភិវឌ្ឍន៍សហគមន៍ចំរុះក្និងស្រុកជុំគិរី ខេត្ដកំពត | ||
| 260 |
_aPhnom Penh _bRUA _c1998 |
||
| 300 |
_a50p. _bill. _c29cm. |
||
| 942 |
_2ddc _cAVM |
||
| 999 |
_c1841 _d1841 |
||